000 00296nam a22001337a 4500
008 170801b xxu||||| |||| 00| 0 eng d
020 _a0256019495
041 _aeng
080 _a004
100 _a32
101 _aSHKI
245 _aINTRODUCTION TO DATA MANAGEMENT
_cHASEMAN
942 _2udc
_cBK
999 _c22400
_d22400